00809nam a2200229Ia 4500003000400000005001700004008004100021020001800062040001800080041000800098082001900106100001900125245020500144250001200349260004400361300002900405650004100434650003200475650003200507700002200539700001800561OSt20260113161626.0210716s2017 xx 000 0 und d a9781787286016 cAIMIT LIBRARY aeng a621.3991bMAUA aMauro, Andrea. aMastering VMware vSphere 6.5: bleverage the powerof vSphere for effective virtualization administration management and monitoring of data centers /cBy Andrea Mauro , Paolo Valsecchi and Karel Novak. a1st ed. aMumbai :bPackt Publishing Ltd ,c2017. axi,575 p.;bPBc24.5 cm. aConfiguring and managing vsphere 6.5 aAdvanced network management aAdvanced storage management aValsecchi, Paolo. aNovak, Karel.